Europe by Last 3 Letters Quiz Stats

 Plays Quiz Updated Feb 13, 2019

Support Sporcle.
Go Orange.
Score 0/47 Timer 04:00
1 Play Today
Country % Correct
✓Ireland
98.5%
✓Switzerland
98.4%
✓Finland
98.4%
✓Poland
98.4%
✓Iceland
98.2%
✓Spain
94.4%
✓Romania
93.5%
✓Lithuania
93.4%
✓Estonia
93.4%
✓Slovenia
93.3%
✓Albania
93.2%
✓France
93.1%
✓North Macedonia
93.1%
✓Germany
92.9%
✓Italy
91%
✓Sweden
90.5%
✓Portugal
90.1%
✓Russia
87.9%
✓Austria
87.7%
✓Norway
86.9%
✓Greece
86.9%
✓Bulgaria
86.9%
✓United Kingdom
85.4%
✓Denmark
82.3%
Country % Correct
✓Cyprus
81.3%
✓Belarus
81.3%
✓Belgium
81%
✓Turkey
80.5%
✓Latvia
78.3%
✓Luxembourg
77.7%
✓Vatican City
77.2%
✓Netherlands
76.8%
✓Czechia
76%
✓Liechtenstein
75.4%
✓Hungary
75%
✓Slovakia
74.8%
✓Ukraine
71.6%
✓Andorra
70.9%
✓Croatia
70.7%
✓Monaco
69.7%
✓Malta
67.9%
✓Serbia
67.6%
✓San Marino
65%
✓Bosnia-Herzegovina
64.3%
✓Montenegro
60.2%
✓Moldova
59.8%
✓Kosovo
59.6%

You're not logged in!

Compare scores with friends on all Sporcle quizzes.
OR
Log In
Forgot?

From the Vault

Harry Potter: Most Lines in Every Book

by Doctor_Arzt

We're guessing the title character is a safe bet for an answer in this one.
Remove Ads.
Support Sporcle.
Get the best of Sporcle when you Go Orange. This ad-free experience offers more features, more stats, and more fun while also helping to support Sporcle. Thank you for becoming a member.

Show Comments

Extras

Top Quizzes Today


Score Distribution

Your Account Isn't Verified!

In order to create a playlist on Sporcle, you need to verify the email address you used during registration. Go to your Sporcle Settings to finish the process.

Report this User

Report this user for behavior that violates our Community Guidelines.

Details: